<?xml version="1.0" encoding="UTF-8"?>
<collection xmlns="http://www.loc.gov/MARC21/slim">
 <record>
  <leader>02227cam a2200385 a 4500</leader>
  <controlfield tag="001">000043707</controlfield>
  <controlfield tag="003">1750</controlfield>
  <controlfield tag="005">20070727091740.0</controlfield>
  <controlfield tag="008">010217b2005    vm            000   vie</controlfield>
  <datafield tag="020" ind1=" " ind2=" ">
   <subfield code="c">17500</subfield>
  </datafield>
  <datafield tag="040" ind1=" " ind2=" ">
   <subfield code="a">LRC</subfield>
   <subfield code="c">LRC</subfield>
   <subfield code="d">LRC</subfield>
  </datafield>
  <datafield tag="041" ind1="0" ind2=" ">
   <subfield code="a">vie</subfield>
  </datafield>
  <datafield tag="082" ind1="1" ind2="4">
   <subfield code="a">335.423</subfield>
   <subfield code="2">21</subfield>
   <subfield code="b">Gi-T</subfield>
  </datafield>
  <datafield tag="245" ind1="0" ind2="0">
   <subfield code="a">Giáo trình chủ nghĩa xã hội khoa học :</subfield>
   <subfield code="b">(Dùng trong các trường đại học và cao đẳng) /</subfield>
   <subfield code="c">Đỗ Nguyên Phương (chủ biên).</subfield>
  </datafield>
  <datafield tag="260" ind1=" " ind2=" ">
   <subfield code="a">Hà Nội :</subfield>
   <subfield code="b">Chính trị quốc gia,</subfield>
   <subfield code="c">2005.</subfield>
  </datafield>
  <datafield tag="300" ind1=" " ind2=" ">
   <subfield code="a">312 tr. ;</subfield>
   <subfield code="c">21 cm.</subfield>
  </datafield>
  <datafield tag="520" ind1="3" ind2=" ">
   <subfield code="a">Lược khảo lịch sử tư tưởng xã hội chủ nghĩa. Vị trí, đối tượng, phương pháp và chức năng của chủ nghĩa xã hội khoa học. Xã hội xã hội chủ nghĩa. Sứ mệnh lịch sử của giai cấp công nhân. Cách mạng xã hội chủ nghĩa. Thời đại ngày nay. Nền dân chủ xã hội chủ nghĩa và nhà nước xã hội chủ nghĩa. Liên minh giữa công nhân với nông dân và trí thức trong thời kỳ quá độ lên chủ nghĩa xã hội. Vấn đề dân tộc trong quá trình xây dựng chủ nghĩa xã hội. Vấn đề gia đình và xây dựng gia đình trong thời kỳ quá độ lên chủ nghĩa xã hội. Vấn đề nguồn lực con người trong quá trình xây dựng chủ nghĩa xã hội. Cách mạng xã hội chủ nghĩa trên lĩnh vực tư tưởng văn hoá.</subfield>
  </datafield>
  <datafield tag="630" ind1="0" ind2="4">
   <subfield code="a">Chính trị.</subfield>
  </datafield>
  <datafield tag="630" ind1="0" ind2="4">
   <subfield code="a">Chủ nghĩa xã hội.</subfield>
  </datafield>
  <datafield tag="650" ind1="0" ind2="4">
   <subfield code="a">Khoa học chính trị.</subfield>
  </datafield>
  <datafield tag="650" ind1="0" ind2="4">
   <subfield code="a">Xã hội chủ nghĩa</subfield>
   <subfield code="x">Lý thuyết.</subfield>
  </datafield>
  <datafield tag="650" ind1="0" ind2="4">
   <subfield code="a">Chủ nghĩa xã hội khoa học</subfield>
   <subfield code="x">Giáo trình.</subfield>
  </datafield>
  <datafield tag="700" ind1="1" ind2=" ">
   <subfield code="a">Đỗ Nguyên Phương,</subfield>
   <subfield code="c">GS. TS.,</subfield>
   <subfield code="e">chủ biên.</subfield>
  </datafield>
  <datafield tag="OWN" ind1=" " ind2=" ">
   <subfield code="a">DUT</subfield>
  </datafield>
  <datafield tag="AVA" ind1=" " ind2=" ">
   <subfield code="a">UDN50</subfield>
   <subfield code="b">DUT</subfield>
   <subfield code="c">Book</subfield>
   <subfield code="d">335.423 Gi-T</subfield>
   <subfield code="e">available</subfield>
   <subfield code="t">Error 5001 Not defined in file expand_doc_bib_avail.</subfield>
   <subfield code="f">10</subfield>
   <subfield code="g">0</subfield>
   <subfield code="h">N</subfield>
   <subfield code="i">1</subfield>
   <subfield code="j">SH</subfield>
   <subfield code="k">1</subfield>
  </datafield>
  <datafield tag="999" ind1=" " ind2=" ">
   <subfield code="a">From the UDN01</subfield>
  </datafield>
  <datafield tag="AVA" ind1=" " ind2=" ">
   <subfield code="a">UDN50</subfield>
   <subfield code="b">DUT</subfield>
   <subfield code="c">Book</subfield>
   <subfield code="d">335.423 Gi-T</subfield>
   <subfield code="e">available</subfield>
   <subfield code="t">Error 5001 Not defined in file expand_doc_bib_avail.</subfield>
   <subfield code="f">10</subfield>
   <subfield code="g">0</subfield>
   <subfield code="h">N</subfield>
   <subfield code="i">1</subfield>
   <subfield code="j">SH</subfield>
   <subfield code="k">1</subfield>
  </datafield>
  <datafield tag="TYP" ind1=" " ind2=" ">
   <subfield code="a">Monograph</subfield>
  </datafield>
  <datafield tag="TYP" ind1=" " ind2=" ">
   <subfield code="a">Printed language</subfield>
  </datafield>
  <datafield tag="980" ind1=" " ind2=" ">
   <subfield code="a">Mạng thư viện Đại học Đà Nẵng</subfield>
  </datafield>
 </record>
</collection>
